000 01024nam a2200289 i 4500
003 EG-GICUC
005 20260121101731.0
008 260117s1988 sz ||||fr ||| 00| 0 eng d
040 _aEG-GICUC
_cEG-GICUC
_dEG-GICUC
_erda
_beng
041 0 _aeng
082 0 4 _221
_a341.48
_bOF . C
092 0 4 _221
099 _aLaw1 11 341.48 OF . C 1988
110 _aOffice Of The United Nations High Commissioner For Refugees
_eAuthor.
245 1 2 _aCollection Of International Instruments Concerning Refugeesi /
_cOffice Of The United Nations High Commissioner For Refugees .
264 0 _aGeneve :
_bOffice Of The United Nations High Commissioner For Refugees ,
_c1988 .
300 _a335 Pages;
_c30 cm.
336 _atext
_2rda content
337 _aComputer
_2rda media
338 _aOnline Resource
_2rda carrier
546 _aText in English
650 0 4 _aPublic international law
650 0 4 _ahuman rights
856 _uhttps://fll.law.cu.edu.eg/fulltext/th/B11-06799.pdf
905 _a59
942 _2ddc
_cBK
_e21
_n0
999 _c57296
_d57296